| 000 | 00646nmc a2200265 a 4500 | ||
|---|---|---|---|
| 003 | AR-Y00000XR | ||
| 005 | 20251128211536.0 | ||
| 008 | 277020s1993 ||||||||||||||000 | spa|| | ||
| 020 | _a1-85326-321-4 | ||
| 040 | _cAR-Y00000XR | ||
| 100 | 1 | _aApperson, G.L. | |
| 245 | 1 | 0 | _aThe Wordsworth dictionary of proverbs |
| 260 |
_aHertfordshire _bWordsworth Editions _c1993 |
||
| 300 | 0 | _a721 p. | |
| 490 | 0 | _aWordsworth Reference | |
| 650 | 4 | _aDICCIONARIOS | |
| 650 | 4 | _aINGLES | |
| 650 | 4 | _aPROVERBIOS | |
| 650 | 4 | _aMAXIMAS | |
| 650 | 4 | _aETIMOLOGIA | |
| 653 | 0 | _aREFRANES | |
| 655 | _aREFERENCIA | ||
| 942 | _cBK | ||
| 998 | _cmi-desc | ||
| 999 |
_c20110 _d20110 |
||